|
|
|
|
| LEADER |
00675cam a2200181 7i4500 |
| 001 |
0000047499 |
| 005 |
20200224090000.0 |
| 020 |
|
|
|a 0803919239 (pbk.)
|
| 090 |
0 |
0 |
|a P91.3
|b .R55 1984
|
| 245 |
0 |
4 |
|a The new media :
|b communication, research, and technology
|c Ronald E. Rice ... [et al.] ; foreword by Robert Johansen.
|
| 260 |
|
|
|a Beverly Hills, California:
|b Sage Publications,
|c 1984.
|
| 300 |
|
|
|a 352 p.;
|c 22 cm.
|
| 500 |
|
|
|a Gift: Zainol Ahmad Resource Center
|
| 650 |
0 |
0 |
|a Mass media --
|x Technological innovations
|
| 650 |
0 |
0 |
|a Mass media --
|x Research
|
| 700 |
1 |
|
|a Rice, Ronald E
|
| 700 |
1 |
|
|a Johansen, Robert
|
| 999 |
|
|
|a 0000068985
|b BOK
|c OPEN SHELF
|e 1st Floor, Bestari Jaya
|